书目信息 |
| 题名: |
怪诞行为学
|
|
| 作者: | 丹艾瑞里 著 ;赵德亮 译 | |
| 分册: | 2 非理性的积极力量 | |
| 出版信息: | 北京 中信出版社 2010.09 |
|
| 页数: | 246页 | |
| 开本: | 23cm | |
| 丛书名: | ||
| 单 册: | ||
| 中图分类: | F069.9 | |
| 科图分类: | ||
| 主题词: | 行为经济学--xing wei jing ji xue--通俗读物 | |
| 电子资源: | ||
| ISBN: | 978-7-5086-2254-5 | |
| 000 | 01164nam0 2200289 450 | |
| 001 | 0100023340 | |
| 005 | 20150618112719.67 | |
| 010 | @a978-7-5086-2254-5@dCNY42.00 | |
| 100 | @a20101016d2010 em y0chiy50 ea | |
| 101 | 1 | @achi@ceng |
| 102 | @aCN@b110000 | |
| 105 | @aa z 000yy | |
| 200 | 1 | @a怪诞行为学@Aguai dan hang wei xue@d= The upside of irrationality@h2@i非理性的积极力量@f丹·艾瑞里著@Fdan ai rui li zhu@g赵德亮译@Gzhao de liang yi@zeng |
| 210 | @a北京@c中信出版社@d2010.09 | |
| 215 | @a246页@c图@d23cm | |
| 312 | @a英文分辑题名取自封面 | |
| 330 | @a本书分为两部分共十一章, 内容包括: 金钱的诱惑: 为什么巨额奖金带不来高业绩、工作的意义: 从乐高游戏中, 我们可以学到些什么、宜家效应: 为什么我们会高估自己的劳动成果等。 | |
| 500 | 10 | @aUpside of irrationality@iThe unexpected benefits of defying logic at work and at home@mChinese |
| 510 | @a= The upside of irrationality | |
| 540 | @a怪诞行为学 | |
| 606 | 0 | @a行为经济学@Axing wei jing ji xue@j通俗读物 |
| 690 | @aF069.9@v4 | |
| 701 | 0 | @a丹艾瑞里@Adan ai rui li@4著 |
| 702 | 0 | @a赵德亮@Azhao de liang@4译 |
| 801 | @aCN | |
| 901 | @a2015 | |
| 905 | @a241430@b1141181-3@dF069.9@eD153@f3 | |
| 怪诞行为学= The upside of irrationality.2.非理性的积极力量/丹·艾瑞里著/赵德亮译.-北京:中信出版社,2010.09 |
| 246页:图;23cm |
| ←并列题名:= The upside of irrationality |
| ISBN 978-7-5086-2254-5:CNY42.00 |
| 本书分为两部分共十一章, 内容包括: 金钱的诱惑: 为什么巨额奖金带不来高业绩、工作的意义: 从乐高游戏中, 我们可以学到些什么、宜家效应: 为什么我们会高估自己的劳动成果等。 |
| ● |
| 相关链接 |
|
|
|
正题名:怪诞行为学
索取号:F069.9/D153
 
预约/预借
| 序号 | 登录号 | 条形码 | 馆藏地/架位号 | 状态 | 备注 |
| 1 | 1141181 | 211411818 | 社科库409/409社科库 65排4列1层/ [索取号:F069.9/D153] | 在馆 | |
| 2 | 1141182 | 211411827 | 社科库409/409社科库 65排4列1层/ [索取号:F069.9/D153] | 在馆 | |
| 3 | 1141183 | 211411836 | 社科库409/409社科库 65排4列1层/ [索取号:F069.9/D153] | 在馆 | |
| 4 | 497441 | 204974411 | 社科库409/409社科库 65排4列1层/ [索取号:F069.9/D153] | 在馆 |